Africa's tobacco industry. (Record no. 11911)

MARC details
000 -LEADER
fixed length control field 00734cam a22002291 4500
001 - CONTROL NUMBER
control field agr64000022
003 - CONTROL NUMBER IDENTIFIER
control field DLC
005 - DATE AND TIME OF LATEST TRANSACTION
control field 20260227111022.0
008 - FIXED-LENGTH DATA ELEMENTS--GENERAL INFORMATION
fixed length control field 860228s1963 dcua f000 0 eng c
010 ## - LIBRARY OF CONGRESS CONTROL NUMBER
LC control number agr64000022
035 ## - SYSTEM CONTROL NUMBER
System control number (OCoLC)13209855
040 ## - CATALOGING SOURCE
Original cataloging agency U.S. Nat'l Agr. Libr.
Transcribing agency NhD
Modifying agency NhD
-- DLC
050 00 - LIBRARY OF CONGRESS CALL NUMBER
Classification number S21
Item number .F6 no. 123
070 0# - NATIONAL AGRICULTURAL LIBRARY CALL NUMBER
Classification number 1.943F763
Item number no.123
100 1# - MAIN ENTRY--PERSONAL NAME
Personal name Parker, John B.
Fuller form of name (John Bond),
Dates associated with a name 1933-
245 10 - TITLE STATEMENT
Title Africa's tobacco industry.
260 ## - PUBLICATION, DISTRIBUTION, ETC.
Place of publication, distribution, etc. [Washington,
Name of publisher, distributor, etc. U.S. Govt. Print. Off.]
Date of publication, distribution, etc. 1963.
300 ## - PHYSICAL DESCRIPTION
Extent vi, 118 p.
Other physical details illus.
Dimensions 26 cm.
410 10 - SERIES STATEMENT/ADDED ENTRY--CORPORATE NAME [OBSOLETE, CAN/MARC], [LOCAL, USA]
Corporate name or jurisdiction name as entry element United States.
Subordinate unit Foreign Agricultural Service.
Title of a work Foreign agricultural report
Volume number/sequential designation no. 123
650 #0 - SUBJECT ADDED ENTRY--TOPICAL TERM
Topical term or geographic name entry element Tobacco
Geographic subdivision Africa.
650 #0 - SUBJECT ADDED ENTRY--TOPICAL TERM
Topical term or geographic name entry element Tobacco industry
Geographic subdivision Africa.

No items available.

Powered by Koha